[Event "Michigan Class B"]
[Site "Auburn Hills"]
[Date "2005.01.15"]
[Round "3.4"]
[White "Hershberger, Kent"]
[Black "Turner, Darrell"]
[Result "1-0"]
[WhiteElo "1743"]
[BlackElo "1768"]
[PlyCount "96"]
[EventDate "2005.01.15"]
[EventType "swiss"]
[EventRounds "5"]
[EventCountry "USA"]
[SourceTitle "EXT 2006"]
[Source "ChessBase"]
[SourceDate "2005.11.24"]
[SourceVersion "1"]
[SourceVersionDate "2005.11.24"]
[SourceQuality "1"]

1. e4 d6 2. d4 Nf6 3. Nc3 g6 4. f4 Bg7 5. Nf3 c5 6. d5 0-0 7. Bd3 Qb6 8. Bc4 Qb4 9. Nd2 Ng4 10. a3 Qa5 11. Ndb1 Bd4 12. Qe2 Bf2+ 13. Kf1 Bd4 14. h3 Nf6 15. g3 e6 16. Kg2 exd5 17. Nxd5 Nxd5 18. Bxd5 Re8 19. c3 Bg7 20. Qf3 Nc6 21. Nd2 Qa4 22. Bb3 Qb5 23. Bc4 Qb6 24. Bd5 Be6 25. Nc4 Qc7 26. Ne3 Rad8 27. h4 h5 28. g4 hxg4 29. Nxg4 Bxd5 30. exd5 Ne7 31. h5 Nf5 32. hxg6 fxg6 33. Kf2 Qb6 34. Qh3 Qb5 35. Qf1 c4 36. Qg2 Re7 37. Re1 Rxe1 38. Kxe1 Qe8+ 39. Qe2 Qxe2+ 40. Kxe2 Re8+ 41. Kf2 Ne7 42. Ne3 b5 43. a4 a6 44. axb5 axb5 45. Ra6 Nc8 46. Ra8 Rf8 47. Kf3 g5 48. Ng2 Ne7 1-0

[Event "Michigan Action"]
[Site "Warren"]
[Date "2004.12.11"]
[Round "2"]
[White "Santiago, Reynaldo"]
[Black "Hershberger, Kent"]
[Result "1-0"]
[WhiteElo "2000"]
[BlackElo "1714"]
[PlyCount "67"]
[EventDate "2004.12.11"]
[EventType "swiss"]
[EventRounds "5"]
[EventCountry "USA"]
[SourceTitle "EXT 2007"]
[Source "ChessBase"]
[SourceDate "2006.11.23"]
[SourceVersion "1"]
[SourceVersionDate "2006.11.23"]
[SourceQuality "1"]

1. e4 d5 2. exd5 Nf6 3. Bb5+ Bd7 4. Be2 Nxd5 5. d4 e6 6. Nf3 Be7 7. 0-0 0-0 8. c4 Nf6 9. Nc3 Bc6 10. Ne5 h6 11. Nxc6 Nxc6 12. Be3 Bd6 13. f4 Re8 14. Qd2 Bb4 15. a3 Ne4 16. Qd3 Nxc3 17. bxc3 Bf8 18. Bd1 Ne7 19. Bf2 Nf5 20. g4 Nh4 21. Bc2 g6 22. Qh3 Be7 23. Rae1 Bf6 24. Re4 b6 25. Rfe1 Rc8 26. f5 gxf5 27. gxf5 Nxf5 28. Rg4+ Kh7 29. Be3 Bg7 30. Bxf5+ exf5 31. Rxg7+ Kxg7 32. Bxh6+ Kg8 33. Qg3+ Kh7 34. Qg7# 1-0

[Event "Lansing op"]
[Site "Lansing"]
[Date "2004.09.05"]
[Round "5"]
[White "Hershberger, Kent"]
[Black "Brereton, Justin"]
[Result "0-1"]
[WhiteElo "1723"]
[BlackElo "1610"]
[PlyCount "122"]
[EventDate "2004.09.03"]
[EventType "swiss"]
[EventRounds "7"]
[EventCountry "USA"]
[SourceTitle "EXT 2007"]
[Source "ChessBase"]
[SourceDate "2006.11.23"]
[SourceVersion "1"]
[SourceVersionDate "2006.11.23"]
[SourceQuality "1"]

1. e4 c5 2. Nf3 e6 3. d4 cxd4 4. Nxd4 Nf6 5. Nc3 Nc6 6. f3 Qb6 7. Nb3 Be7 8. Qe2 0-0 9. Be3 Qd8 10. 0-0-0 a6 11. g4 Ne8 12. Qd2 h6 13. Rg1 Ne5 14. Be2 Nd6 15. g5 Nec4 16. Bxc4 Nxc4 17. Qd4 Nxe3 18. Qxe3 Bxg5 19. f4 Be7 20. Rg3 e5 21. Nd5 Bh4 22. Rg4 d6 23. Rg2 exf4 24. Qd4 Bg5 25. Kb1 Bh3 26. Rgg1 Kh8 27. Nxf4 Bf6 28. Qxd6 Qxd6 29. Rxd6 Be5 30. Nxh3 Bxd6 31. Rg2 f5 32. Rd2 Rad8 33. exf5 Rxf5 34. a3 Bc7 35. Re2 Rh5 36. Re7 Bxh2 37. Nf2 b5 38. Nd3 Kg8 39. Ra7 Rd6 40. Nbc5 Bg1 41. Ra8+ Kf7 42. Nxa6 g5 43. Nc7 g4 44. Rb8 Rb6 45. Rd8 g3 46. Rd7+ Kf8 47. Nf4 Re5 48. Nfd5 Rb8 49. Rh7 Re1+ 50. Ka2 Bd4 51. Nf4 Rb6 52. Rd7 Be5 53. Nfe6+ Kg8 54. Rd8+ Kf7 55. Rf8+ Kg6 56. Rg8+ Kf5 57. Ng7+ Bxg7 58. Rxg7 Rg6 59. Rf7+ Kg4 60. Nd5 g2 61. Nf6+ Kh3 0-1

[Event "Lansing op"]
[Site "Lansing"]
[Date "2004.09.04"]
[Round "2"]
[White "Saylor, Oliver"]
[Black "Hershberger, Kent"]
[Result "1/2-1/2"]
[WhiteElo "1332"]
[BlackElo "1723"]
[PlyCount "120"]
[EventDate "2004.09.03"]
[EventType "swiss"]
[EventRounds "7"]
[EventCountry "USA"]
[SourceTitle "EXT 2007"]
[Source "ChessBase"]
[SourceDate "2006.11.23"]
[SourceVersion "1"]
[SourceVersionDate "2006.11.23"]
[SourceQuality "1"]

1. e4 d5 2. exd5 Nf6 3. Nc3 Nxd5 4. Nxd5 Qxd5 5. d4 Nc6 6. Nf3 Bf5 7. Bd3 Nb4 8. 0-0 Nxd3 9. cxd3 Bg4 10. Qa4+ Bd7 11. Qc4 Bc6 12. Qxd5 Bxd5 13. Bf4 Bxf3 14. gxf3 c6 15. Rfe1 e6 16. Be5 Bb4 17. Re2 0-0 18. Kh1 Rad8 19. Re4 Bd6 20. Rd1 Rd7 21. Rg4 Bxe5 22. dxe5 Rfd8 23. Rb4 b6 24. Rc4 c5 25. Rc3 Rd4 26. Ra3 R8d7 27. Kg2 Kf8 28. Kg3 c4 29. f4 Ke7 30. Kf3 cxd3 31. Ke3 d2 32. Rxa7 Rxa7 33. Kxd4 Rxa2 34. Rxd2 Ra5 35. Kc4 Ra4+ 36. b4 Ra8 37. Kb5 f6 38. Rd6 Ra2 39. Rxb6 Rxf2 40. Rb7+ Kf8 41. exf6 gxf6 42. Rxh7 Rxf4 43. Kc5 Rf5+ 44. Kc6 Rf2 45. b5 Rc2+ 46. Kb7 e5 47. b6 e4 48. Ka7 Ra2+ 49. Kb8 e3 50. Rh4 e2 51. Re4 Kf7 52. b7 Kg6 53. Kc7 Rc2+ 54. Kd6 Rb2 55. Kc6 Rc2+ 56. Kd7 Rb2 57. Kc6 Rc2+ 58. Kd7 Rb2 59. Kc8 Rc2+ 60. Kd7 Rb2 1/2-1/2

[Event "Auburn Hills op"]
[Site "Auburn Hills"]
[Date "2003.04.26"]
[Round "2"]
[White "Hershberger, Kent"]
[Black "Grzegorczyk, Ron"]
[Result "0-1"]
[WhiteElo "1577"]
[BlackElo "1590"]
[PlyCount "69"]
[EventDate "2003.04.26"]
[EventType "swiss"]
[EventRounds "5"]
[EventCountry "USA"]
[SourceTitle "EXT 2007"]
[Source "ChessBase"]
[SourceDate "2006.11.23"]
[SourceVersion "1"]
[SourceVersionDate "2006.11.23"]
[SourceQuality "1"]

1. e4 c5 2. Nf3 Nc6 3. d4 cxd4 4. Nxd4 d6 5. Be2 g6 6. Be3 Bg7 7. Nc3 a6 8. 0-0 Nf6 9. f4 e6 10. Nxc6 bxc6 11. e5 Nd5 12. Nxd5 cxd5 13. Bd4 0-0 14. Rf3 Rb8 15. Rb3 Qc7 16. Rxb8 Qxb8 17. exd6 Qxd6 18. Bxg7 Kxg7 19. Qd4+ f6 20. Rf1 Rf7 21. Rf3 Bd7 22. Ra3 Qc7 23. Bd3 Bb5 24. Bxb5 axb5 25. c3 e5 26. fxe5 fxe5 27. Qe3 Qe7 28. Ra5 Qf6 29. Qe2 Qb6+ 30. Kh1 e4 31. Ra3 Rf2 32. Qd1 e3 33. h3 e2 34. Qxd5 e1Q+ 35. Kh2 0-1

[Event "Genesee County CC-ch"]
[Site "Flint"]
[Date "2002.11.20"]
[Round "5"]
[White "Poniatowski, Donald"]
[Black "Hershberger, Kent"]
[Result "1/2-1/2"]
[WhiteElo "1165"]
[BlackElo "1508"]
[PlyCount "58"]
[EventDate "2002.10.23"]
[EventType "swiss"]
[EventRounds "5"]
[EventCountry "USA"]
[SourceTitle "EXT 2009"]
[Source "ChessBase"]
[SourceDate "2008.11.26"]
[SourceVersion "1"]
[SourceVersionDate "2008.11.26"]
[SourceQuality "1"]

1. e4 e5 2. Nc3 Nf6 3. Nf3 d6 4. h3 Be7 5. d4 exd4 6. Nxd4 Bd7 7. Bd3 0-0 8. 0-0 Nc6 9. Nf3 h6 10. Be3 Ne5 11. Re1 Nxd3 12. Qxd3 Bc6 13. Rad1 Re8 14. a3 Bf8 15. Bd4 Nd7 16. b4 Ne5 17. Bxe5 dxe5 18. Qxd8 Raxd8 19. Rxd8 Rxd8 20. Nxe5 Rd2 21. Nxc6 bxc6 22. Re2 Rxe2 23. Nxe2 c5 24. c3 Bd6 25. f4 f6 26. Kf2 Kf7 27. Kf3 g5 28. g4 Ke6 29. fxg5 fxg5 1/2-1/2

[Event "Genesee County CC-ch"]
[Site "Flint"]
[Date "2002.11.06"]
[Round "3"]
[White "Brownfield, Jason"]
[Black "Hershberger, Kent"]
[Result "0-1"]
[WhiteElo "1072"]
[BlackElo "1508"]
[PlyCount "136"]
[EventDate "2002.10.23"]
[EventType "swiss"]
[EventRounds "5"]
[EventCountry "USA"]
[SourceTitle "EXT 2009"]
[Source "ChessBase"]
[SourceDate "2008.11.26"]
[SourceVersion "1"]
[SourceVersionDate "2008.11.26"]
[SourceQuality "1"]

1. e4 e5 2. Nf3 Nf6 3. d3 d6 4. Be2 Be7 5. 0-0 0-0 6. Nc3 Bg4 7. h3 Bh5 8. d4 exd4 9. Nxd4 Bg6 10. Bf3 Nbd7 11. Nde2 Ne5 12. Nf4 Nxf3+ 13. Qxf3 Nd7 14. Nd3 Bf6 15. Re1 Bxc3 16. bxc3 Ne5 17. Nxe5 dxe5 18. Bb2 Qd2 19. Re2 Qg5 20. Qg3 Qxg3 21. fxg3 Rfd8 22. Kh2 Rd6 23. Ba3 Rc6 24. Bb2 Rd8 25. Rae1 f6 26. Re3 Rb6 27. Ba3 Ra6 28. Be7 Rd7 29. Bb4 Rxa2 30. Rd3 Rxd3 31. cxd3 a5 32. Be7 a4 33. Rb1 Rd2 34. Rxb7 Rxd3 35. Rxc7 Bxe4 36. Bb4 Rd2 37. Rc8+ Kf7 38. Rc7+ Kg6 39. Bf8 Rxg2+ 40. Kh1 Rxg3+ 41. Kh2 Rg2+ 42. Kh1 Kh6 43. Ra7 Rg3+ 44. Kh2 Rxc3 45. Bxg7+ Kg6 46. Bf8 Rc2+ 47. Kg1 Ra2 48. Rg7+ Kh5 49. Be7 Bg6 50. Bxf6 e4 51. Re7 Ra3 52. Re5+ Kh6 53. Bg5+ Kg7 54. Re7+ Kf8 55. Kg2 Ra2+ 56. Kg3 Ra1 57. Bf6 Rf1 58. Bg5 Rg1+ 59. Kf4 Rxg5 60. Kxg5 Kxe7 61. Kf4 a3 62. Ke3 a2 63. Kd2 a1Q 64. Kc2 e3+ 65. Kb3 Qd4 66. h4 Bf7+ 67. Ka3 Qc3+ 68. Ka4 Be8# 0-1

[Event "Lansing op"]
[Site "Lansing"]
[Date "2001.09.01"]
[Round "2"]
[White "Hazzard, William"]
[Black "Hershberger, Kent"]
[Result "0-1"]
[WhiteElo "1520"]
[BlackElo "1463"]
[PlyCount "88"]
[EventDate "2001.08.31"]
[EventType "swiss"]
[EventRounds "7"]
[EventCountry "USA"]
[SourceTitle "EXT 2007"]
[Source "ChessBase"]
[SourceDate "2006.11.23"]
[SourceVersion "1"]
[SourceVersionDate "2006.11.23"]
[SourceQuality "1"]

1. e4 e5 2. f4 exf4 3. Nf3 g5 4. Bc4 Bg7 5. d4 d6 6. 0-0 g4 7. c3 gxf3 8. Qxf3 Be6 9. Bxe6 fxe6 10. Qh5+ Kd7 11. Bxf4 Nf6 12. Qb5+ Kc8 13. Nd2 Qd7 14. Qc4 Nc6 15. d5 exd5 16. exd5 Ne7 17. Rad1 Nexd5 18. Ne4 Qc6 19. Qd3 Kd7 20. Nxf6+ Nxf6 21. Qf5+ Ke7 22. Rde1+ Kf7 23. Bg5 Qc5+ 24. Qxc5 dxc5 25. Rf5 Rae8 26. Ref1 Re6 27. Rxc5 c6 28. Rcf5 Rhe8 29. Bf4 Re2 30. g4 Kg8 31. h3 Nd5 32. h4 R8e4 33. g5 Nxf4 34. R5xf4 Rxf4 35. Rxf4 Rxb2 36. h5 Rxa2 37. Re4 Kf7 38. Rf4+ Ke6 39. g6 hxg6 40. hxg6 Bxc3 41. Rf7 b5 42. Rc7 Bd4+ 43. Kh1 Rc2 44. Rxa7 Bxa7 0-1

[Event "Detroit op"]
[Site "Detroit"]
[Date "2000.12.16"]
[Round "4"]
[White "James, Kim"]
[Black "Hershberger, Kent"]
[Result "0-1"]
[WhiteElo "617"]
[BlackElo "1088"]
[PlyCount "60"]
[EventDate "2000.12.16"]
[EventType "swiss"]
[EventRounds "6"]
[EventCountry "USA"]
[SourceTitle "EXT 2007"]
[Source "ChessBase"]
[SourceDate "2006.11.23"]
[SourceVersion "1"]
[SourceVersionDate "2006.11.23"]
[SourceQuality "1"]

1. e4 e5 2. Nf3 Nf6 3. Bc4 Bc5 4. Ng5 0-0 5. Nxf7 Rxf7 6. Bxf7+ Kxf7 7. d3 d6 8. Nc3 Ng4 9. Be3 Nxe3 10. fxe3 Kg8 11. d4 exd4 12. exd4 Bb4 13. Rf1 Qh4+ 14. g3 Qxe4+ 15. Kd2 Qxd4+ 16. Ke2 Bg4+ 17. Ke1 Bxd1 18. Rxd1 Bxc3+ 19. Ke2 Qe4+ 20. Kf2 Bd4+ 21. Rxd4 Qxd4+ 22. Ke1 Nc6 23. Ke2 Re8+ 24. Kf3 Ne5+ 25. Kg2 Qg4 26. Rf4 Qe2+ 27. Rf2 Qe4+ 28. Kf1 Ng4 29. Rg2 Rf8+ 30. Kg1 Qe1# 0-1

[Event "Romulus op"]
[Site "Romulus"]
[Date "2000.09.03"]
[Round "5"]
[White "Hershberger, Kent"]
[Black "Treacy, Joe"]
[Result "1-0"]
[WhiteElo "1024"]
[BlackElo "1500"]
[PlyCount "51"]
[EventDate "2000.09.01"]
[EventType "swiss"]
[EventRounds "7"]
[EventCountry "USA"]
[SourceTitle "EXT 2007"]
[Source "ChessBase"]
[SourceDate "2006.11.23"]
[SourceVersion "1"]
[SourceVersionDate "2006.11.23"]
[SourceQuality "1"]

1. e4 c5 2. Nf3 d6 3. d4 cxd4 4. Nxd4 Nf6 5. Nc3 a6 6. Bd3 e5 7. Nf3 Be6 8. Ng5 Be7 9. Nxe6 fxe6 10. Bc4 Qd7 11. 0-0 0-0 12. Bg5 Nc6 13. Be3 b5 14. Bd3 d5 15. exd5 exd5 16. Bc1 Rf7 17. Bg5 e4 18. Bxf6 Rxf6 19. Bxe4 d4 20. Nd5 Rd8 21. Nxf6+ Bxf6 22. Qh5 g6 23. Qf3 Rf8 24. Bxc6 Qc7 25. Bd5+ Kh8 26. Be4 1-0

[Event "Detroit op"]
[Site "Detroit"]
[Date "1999.12.18"]
[Round "6"]
[White "Hershberger, Kent"]
[Black "Mailing, Don"]
[Result "0-1"]
[WhiteElo "982"]
[BlackElo "1295"]
[PlyCount "104"]
[EventDate "1999.12.18"]
[EventType "swiss"]
[EventRounds "6"]
[EventCountry "USA"]
[SourceTitle "EXT 2007"]
[Source "ChessBase"]
[SourceDate "2006.11.23"]
[SourceVersion "1"]
[SourceVersionDate "2006.11.23"]
[SourceQuality "1"]

1. c4 c5 2. e4 e6 3. d3 Nc6 4. Nf3 Nd4 5. Be3 d5 6. exd5 exd5 7. Nxd4 cxd4 8. Bxd4 dxc4 9. dxc4 Nf6 10. Bd3 Qxd4 11. c5 Bxc5 12. 0-0 0-0 13. Qe2 Bg4 14. Qc2 Rae8 15. Nd2 g6 16. Nb3 Qd6 17. Nxc5 Rc8 18. Nxb7 Rxc2 19. Nxd6 Rd2 20. Nxf7 Kxf7 21. Bc4+ Be6 22. Bxe6+ Kxe6 23. Rfe1+ Kf7 24. b4 Kg8 25. Rac1 Rfd8 26. h3 Nh5 27. Rc7 Rd1 28. Rxd1 Rxd1+ 29. Kh2 Rd2 30. Rxa7 Rxf2 31. b5 Rb2 32. a4 Nf6 33. Rb7 Nd5 34. a5 Nb4 35. b6 Na6 36. Ra7 Nc5 37. a6 Rxb6 38. Ra8+ Kg7 39. a7 Ra6 40. Kg3 Kh6 41. h4 Ne6 42. Kf3 Nc7 43. Rd8 Rxa7 44. Kf4 Ne6+ 45. Kf3 Nxd8 46. g4 Ra3+ 47. Ke2 g5 48. hxg5+ Kxg5 49. Kd2 Kxg4 50. Kc2 Kf4 51. Kb2 Rg3 52. Kc2 Ke4 0-1